00325nam a2200121Ia 4500008004100000041000800041082001500049100001600064245004400080260004400124300002400168365001100192240624s9999 xx 000 0 und d aeng a302.25 RAO aRAO P SUBBA aMANAGEMENT AND ORGANISATIONAL BEHAVIOUR c2012aMumbaibHimalaya Publishing House a566 : p. : cm. ; 28 cRSb30